Post-Katrina Recovery of the Housing Market Along the Mississippi Gulf Coast (Record no. 352414)
[ view plain ]
| 000 -LEADER | |
|---|---|
| fixed length control field | 00615nam a2200133Ia 4500 |
| 008 - FIXED-LENGTH DATA ELEMENTS--GENERAL INFORMATION | |
| fixed length control field | 171212s9999 xx 000 0 und d |
| 020 ## - INTERNATIONAL STANDARD BOOK NUMBER | |
| International Standard Book Number | 9780833042934 |
| 100 ## - MAIN ENTRY--PERSONAL NAME | |
| Personal name | McCarthy, Kevin F.;Hanson, Mark |
| 245 ## - TITLE STATEMENT | |
| Statement of responsibility, etc | McCarthy, Kevin F.;Hanson, Mark |
| Title | Post-Katrina Recovery of the Housing Market Along the Mississippi Gulf Coast |
| 260 ## - PUBLICATION, DISTRIBUTION, ETC. (IMPRINT) | |
| Name of publisher, distributor, etc | RAND Corporation |
| Date of publication, distribution, etc | 2008 |
| 650 ## - SUBJECT ADDED ENTRY--TOPICAL TERM | |
| Topical term or geographic name as entry element | Housing -- Mississippi -- Gulf Coast; Housing development -- Mississippi -- Gulf Coast; Hurricane Katrina, 2005 -- Economic aspects |
| 650 ## - SUBJECT ADDED ENTRY--TOPICAL TERM | |
| Topical term or geographic name as entry element | Management & Organizational Behavior |
| 856 ## - ELECTRONIC LOCATION AND ACCESS | |
| Uniform Resource Identifier | <a href="www.jstor.org/stable/10.7249/tr511oa-mar-nar">www.jstor.org/stable/10.7249/tr511oa-mar-nar</a> |
| Withdrawn status | Lost status | Damaged status | Home library | Current library | Date acquired | Total Checkouts | Full call number | Date last seen | Price effective from | Koha item type |
|---|---|---|---|---|---|---|---|---|---|---|
| College Library | College Library | 12/12/2017 | HD7303.M7M25 2007 | 12/12/2017 | 12/12/2017 | Curriculum - Based eBooks |